| 000 | 00694cab a2200277 4500 | ||
|---|---|---|---|
| 001 | ABS60476 | ||
| 008 | 090401t1999 xxu||||| |||| 00| 0 eng d | ||
| 035 | _a(Sirsi) u92951 | ||
| 041 | _aeng | ||
| 100 | _aHealy, A. | ||
| 245 | 4 | _aThe shape of funding to come | |
| 260 | _c1999 | ||
| 350 | _a0 | ||
| 490 |
_aPlanning (for the Natural and Built Environment) _v(1313) 9 April 1999, 10(1) |
||
| 650 | _aDEVELOPMENT FUNDS | ||
| 650 | _aEU | ||
| 650 | _aEUROPEAN UNION | ||
| 650 | _aOBJECTIVE 1 | ||
| 650 | _aOBJECTIVE 2 | ||
| 650 | _aOBJECTIVE 3 | ||
| 650 | _aOBJECTIVE 5B | ||
| 650 | _aSTRUCTURAL FUNDS | ||
| 690 | _aECONOMIC AND SOCIAL | ||
| 942 | _n0 | ||
| 948 | _c23/04/1999 | ||
| 999 |
_c58907 _d58907 |
||